Vista normal
Vista MARC
Entrada Materia (personas)
Número de registros utilizados en: 4
001 - CONTROL NUMBER
- control field: 41737
003 - CONTROL NUMBER IDENTIFIER
- control field: Co-BoUCM
005 - DATE AND TIME OF LATEST TRANSACTION
- control field: 20130730072355.0
008 - FIXED-LENGTH DATA ELEMENTS
- fixed length control field: 130730|| aca||aabn | a|a d
040 ## - CATALOGING SOURCE
- Original cataloging agency: Co-BoUCM
- Transcribing agency: Co-BoUCM
100 ## - HEADING--PERSONAL NAME
- Personal name: Snyder, Christopher
670 ## - SOURCE DATA FOUND
- Source citation: Work cat.: (Co-BoUCM)167081: Nicholson, Walter E. 41733, Microeconomía intermedia y su aplicación, 2011